| 000 | 00328nam a22001337a 4500 | ||
|---|---|---|---|
| 005 | 20250721141851.0 | ||
| 008 | 250721b |||||||| |||| 00| 0 eng d | ||
| 050 |
_aBS2743 _bMAC |
||
| 100 | _aMACDONALD WILLIAM | ||
| 245 | _aTIMOTHY AND TITUS | ||
| 260 |
_aUSA _bEMMAUS BIBLE SCHOOL _cc1976 |
||
| 300 | _a174p | ||
| 942 |
_2lcc _cBK _n0 |
||
| 999 |
_c7064 _d7064 |
||